000 00344nam a2200133Ia 4500
005 20260326235451.0
008 260326s9999||||xx |||||||||||||| ||und||
100 _aStungo, Naomi
245 0 _aWood :
_b New directions in Design /
_cNaomi Stungo
260 _bChronicle Books
300 _a240 p.
650 _aDETALLES CONSTRUCTIVOS
942 _cBK
999 _c7760
_d7760